000 00423nam a2200193Ia 4500
008 210210b1837 xxu||||| |||| 00| 0 eng d
041 _aeng
082 _a822/241
100 _aCARLYLE (Thomas)
245 _aFrench revolution Vol I
260 _aLondon
_bCollins
_c1837
440 _aI
650 _aVol
650 _arevolution
650 _aI
650 _aFrench
690 _aEnglish Prose
906 _a012428
999 _c131229
_d131229